000
00244nam a2200097Ia 4500
001
689381
005
20250826161633.0
008
250824s9999 xx 000 0 und d
245
0
_a
NELER SORDULAR
_c
İHSAN SÜREYYA SIRMA
260
_b
BEYAN YAYINEVİ
999
_c
689381
_d
689381